000 00678nam a2200217 a 4500
005 20231020063934.0
008 040227s2001 mx r 000 0 spa d
020 _a8466302727
035 _aUPN01000132246
049 _aCG
050 4 _aPS3568 I2.65
_bM6.5
100 1 _aRice, Anne,
_d1941 -
245 1 3 _aLa momia :
_bo ramsés el maldito /
_cAnne Rice ; tr. Luis Soldevilla Ribeles.
260 _aMadrid :
_bSuma de Letras,
_c2001.
300 _a565 p.
440 0 _aPunto de lectura ;
_v26.10
534 _pTraducción de:
_tThe Mummy of Ramses the damned
650 4 _aNovela estadounidense
_ySiglo XX
_916200
650 0 _aNovela de fantasía
_98197
905 _aLibro
999 _c104401
_d104401